000
00318 a2200145 4500
001
168597
020
_a
040
_c
Magnum
100
_a
Luquini, Joselma
240
1
0
_a
Jojo e palito em: belo, meu amor
_l
por
245
1
0
_a
Jojo e palito em: belo, meu amor
362
0
_a
1899
697
_a
IJ/GERAL
942
_c
BK
999
_c
168597
_d
168597